I dreamt a horse fell from the sky : (Record no. 98894)

MARC details
000 -LEADER
fixed length control field 00590nam a22001697a 4500
010 ## - LCCN (DPL NO)
LC control number ENG-114897
020 ## - INTERNATIONAL STANDARD BOOK NUMBER
International Standard Book Number 9789350098547
Terms of availability 599.00
035 ## - SYSTEM CONTROL NUMBER
System control number EN-98429
037 ## - SOURCE OF ACQUISITION
Source of stock number/acquisition DBAD/PUB
082 ## - DEWEY DECIMAL CLASSIFICATION NUMBER
Classification number 880.8
100 ## - MAIN ENTRY--PERSONAL NAME
Personal name Jussawalla, Adil
245 ## - TITLE STATEMENT
Title I dreamt a horse fell from the sky :
Remainder of title poems, fiction and non-fiction (1962-2015) /
Statement of responsibility, etc by Adil Jussawalla
260 ## - PUBLICATION, DISTRIBUTION, ETC. (IMPRINT)
Place of publication, distribution, etc Gurgaon
Name of publisher, distributor, etc Hachette Book Publishing
Date of publication, distribution, etc 2015
270 ## - ADDRESS
Address 4th and 5th Floors, Corporate Centre, Plot No.-94,Sector-44,
City Gurgaon
Postal code 122003
300 ## - PHYSICAL DESCRIPTION
Extent xxvi,347p.
Other physical details 22cm(Hb)
942 ## - ADDED ENTRY ELEMENTS (KOHA)
Source of classification or shelving scheme Dewey Decimal Classification
Item type English Books
Call number suffix JUS
Classification part 880.8
Holdings
Withdrawn status Lost status Not for loan Collection code Home library Current library Date acquired Source of acquisition Cost, normal purchase price Full call number Barcode Copy number Cost, replacement price Koha item type
    Not For Loan Non-fiction D.B.Act.Division Bawana 10/02/2016 DBAD/PUB. 599.00 880.8 JUS EN-98429 1 599.00 English Books

© Delhi Public Library
Hit Counter
free hit counter